000 00580nam a2200193 a 4500
001 6580
003 CO-ViMGA
008 141112s2004 ck r 000 u spa d
020 _a9586016471
040 _aCO-ViMGA
_bspa
_cCO-ViMGA
082 0 4 _a338.18 O215
100 1 _aOcampo, Jose Antonio
_97157
245 1 0 _aEl giro de la política agropecuaria /
_cOcampo Jose Antonio , Perry Santiago
260 _aSantafé de Bogotá :
_bTercer Mundo,
_c1995
300 _a246 p
650 1 4 _aEconomía AGRARIA - TEORIA
_95432
650 1 4 _aPolítica AGROPECUARIA
_955543
942 _2ddc
_cBK
999 _c18550
_d18550